Financial Statements as a Basis for Enterprise Value
Stanovenie hodnoty podniku a možnosti jej zobrazenia pomocou údajov, ktoré poskytuje účtovná závierka. Modely výpočtu hodnoty podniku. Najpoužívanejšia metóda - metóda výpočtu hodnoty podniku formou diskontovaného voľného cash flow. Systémový prístup k meraniu výkonnosti podniku. Synergický efekt me...
Salvato in:
| Autore principale: | |
|---|---|
| Natura: | Capitolo di libro |
| Lingua: | slovacco |
| Soggetti: | |
| Tags: |
Nessun Tag, puoi essere il primo ad aggiungerne!!
|
MARC
| LEADER | 00000naa$a2200000$$$4500 | ||
|---|---|---|---|
| 001 | 0258566 | ||
| 005 | 20240502074107.4 | ||
| 041 | 0 | |a slo | |
| 044 | |a SK | ||
| 245 | 1 | 0 | |a Financial Statements as a Basis for Enterprise Value |c Ladislav Kareš |
| 520 | |a Stanovenie hodnoty podniku a možnosti jej zobrazenia pomocou údajov, ktoré poskytuje účtovná závierka. Modely výpočtu hodnoty podniku. Najpoužívanejšia metóda - metóda výpočtu hodnoty podniku formou diskontovaného voľného cash flow. Systémový prístup k meraniu výkonnosti podniku. Synergický efekt metód Six Sigma, Balanced Scorecard a EFQM. | ||
| 610 | 2 | 0 | |a podnik |
| 610 | 2 | 0 | |a hodnota podniku |
| 610 | 2 | 0 | |a metodológia |
| 610 | 2 | 0 | |a modely |
| 610 | 2 | 0 | |a výkonnosť podniku |
| 610 | 2 | 0 | |a metóda BSC |
| 610 | 2 | 0 | |a riadenie kvality |
| 610 | 2 | 0 | |a závierka účtovná |
| 100 | 1 | |a Kareš, Ladislav | |